| 000 | 00877nam a2200265Ia 4500 | ||
|---|---|---|---|
| 001 | 22065 | ||
| 005 | 20260320113339.0 | ||
| 008 | 260320s9999||||xx |||||||||||||| ||und|| | ||
| 020 | _a9789583062377 | ||
| 041 | _aESP | ||
| 082 |
_a833 _bG81 |
||
| 100 |
_aGrimm, Wilhelm Karl, _eAUT |
||
| 245 | 0 |
_aCuentos de hadas de los hermanos Grimm _b |
|
| 246 |
_a _5 _b |
||
| 250 | _aPrimera edición. Primera reimpresión | ||
| 260 |
_aBogotá : _bPanamericana Editorial, _c2022 |
||
| 300 |
_a161 páginas : _bilustraciones ; _c29 cm. _e |
||
| 440 |
_a _n _v |
||
| 650 | _aLEN | ||
| 653 | _aLiteratura alemana; Cuentos infantiles alemanes; Cuentos de hadas | ||
| 654 | _aCHU | ||
| 700 |
_aGina, Orozco, _cTRA |
||
| 856 |
_uhttps://0u20fpnh6-y-https-research-ebsco-com.itmsp.museknowledge.com/c/qxo6us/search _zVéase además: Base de datos EBSCOhost |
||
| 942 |
_cLIB _dJUS _fMAT _2ddc _n |
||
| 999 |
_c22065 _d22065 |
||